[Event "ENG-ch Schools"]
[Site "Nottingham"]
[Date "2025.06.26"]
[Round "5.6"]
[White "Katkar, Rohan"]
[Black "Ng, Ryan"]
[Result "0-1"]
[WhiteElo "1541"]
[BlackElo "1616"]
[PlyCount "48"]
[EventDate "2025.06.25"]
[EventType "team-swiss"]
[EventRounds "6"]
[EventCountry "ENG"]
[SourceTitle "CB27_2025"]
[SourceDate "2025.07.02"]
[SourceVersion "1"]
[SourceVersionDate "2025.07.02"]
[SourceQuality "1"]
[WhiteTeam "Queen Elizabeth"]
[BlackTeam "St Paul's"]
[WhiteTeamCountry "ENG"]
[BlackTeamCountry "ENG"]

1. e4 e6 2. d4 d5 3. Bd3 Nf6 4. e5 Nfd7 5. Ne2 c5 6. c3 Nc6 7. a3 Be7 8. Be3 a5 9. Nd2 a4 10. Rb1 h6 11. Ng3 0-0 12. h4 f5 13. exf6 Nxf6 14. Nf3 Qc7 15. 0-0 Ng4 16. h5 Nxe3 17. fxe3 Qxg3 18. Bc2 c4 19. Bxa4 Bd6 20. Bc2 Bd7 21. Qe2 e5 22. Rbd1 e4 23. Rd2 exf3 24. Rxf3 Qh2+ 0-1

[Event "ENG-ch Schools"]
[Site "Nottingham"]
[Date "2025.06.25"]
[Round "2.6"]
[White "Balmond, Tom"]
[Black "Katkar, Rohan"]
[Result "1/2-1/2"]
[WhiteElo "1812"]
[BlackElo "1541"]
[PlyCount "150"]
[EventDate "2025.06.25"]
[EventType "team-swiss"]
[EventRounds "6"]
[EventCountry "ENG"]
[SourceTitle "CB27_2025"]
[SourceDate "2025.07.02"]
[SourceVersion "1"]
[SourceVersionDate "2025.07.02"]
[SourceQuality "1"]
[WhiteTeam "Hampton"]
[BlackTeam "Queen Elizabeth"]
[WhiteTeamCountry "ENG"]
[BlackTeamCountry "ENG"]

1. e4 c5 2. Nf3 Nc6 3. d4 cxd4 4. Nxd4 g6 5. Nc3 Bg7 6. Be3 Nf6 7. Be2 0-0 8. 0-0 d6 9. f4 Qb6 10. Qd3 Ng4 11. Nxc6 Qxc6 12. Nd5 Re8 13. Bd4 e5 14. Bc3 Qc5+ 15. Kh1 exf4 16. Bxg7 Kxg7 17. Rxf4 Nf2+ 18. Rxf2 Qxf2 19. Nc7 Be6 20. Nxa8 Rxa8 21. Rf1 Qc5 22. b3 Re8 23. c4 Bd7 24. Rd1 Bc6 25. Bf3 Qe5 26. h3 Bxe4 27. Bxe4 Qxe4 28. Qxe4 Rxe4 29. Rxd6 Re7 30. c5 Kf8 31. Kh2 Ke8 32. c6 bxc6 33. Rxc6 Kd7 34. Rc4 h5 35. Kg3 Kd6 36. Kf4 f6 37. Ra4 Kc5 38. Ra6 Rf7 39. a3 Kb5 40. Re6 a5 41. Re4 Kc5 42. Re6 Kb5 43. Ke4 Kc5 44. Kd3 Kb5 45. Kc3 Rc7+ 46. Kd4 Rd7+ 47. Ke4 Rf7 48. Re8 Rd7 49. Re6 Rf7 50. Kd5 Rd7+ 51. Rd6 Rf7 52. Ke6 Rf8 53. Rd7 f5 54. Rg7 Re8+ 55. Kd5 Re3 56. Rxg6 Rxb3 57. Rg5 Rxa3 58. Rxh5 Rg3 59. Rxf5 Rxg2 60. Rf3 Rd2+ 61. Ke4 Kb4 62. Ke3 Rh2 63. Kd3 a4 64. Rf4+ Kb3 65. h4 a3 66. Rf8 Kb2 67. Rb8+ Ka1 68. Kc3 Rxh4 69. Ra8 Ka2 70. Kc2 Rh2+ 71. Kc3 Rb2 72. Ra7 Rb3+ 73. Kc2 Rb6 74. Kc3 Rb3+ 75. Kc2 Rb6 1/2-1/2

[Event "ENG-ch Schools"]
[Site "Nottingham"]
[Date "2025.06.25"]
[Round "3.6"]
[White "Katkar, Rohan"]
[Black "Arora, Tashika"]
[Result "1-0"]
[WhiteElo "1541"]
[BlackElo "2026"]
[PlyCount "131"]
[EventDate "2025.06.25"]
[EventType "team-swiss"]
[EventRounds "6"]
[EventCountry "ENG"]
[SourceTitle "CB27_2025"]
[SourceDate "2025.07.02"]
[SourceVersion "1"]
[SourceVersionDate "2025.07.02"]
[SourceQuality "1"]
[WhiteTeam "Queen Elizabeth"]
[BlackTeam "Magdalen College"]
[WhiteTeamCountry "ENG"]
[BlackTeamCountry "ENG"]

1. e4 e5 2. Nf3 Nc6 3. d4 exd4 4. Nxd4 d6 5. Nc3 Nf6 6. Bf4 Nxd4 7. Qxd4 Be7 8. 0-0-0 0-0 9. f3 Be6 10. e5 dxe5 11. Qxe5 Bd6 12. Qd4 Bxf4+ 13. Qxf4 Qe7 14. Bd3 Qc5 15. Rhe1 Nd7 16. g4 Kh8 17. g5 Rae8 18. Kb1 f6 19. Ne4 Qa5 20. a3 fxg5 21. Qxg5 Qd5 22. b3 Nf6 23. Qxd5 Nxd5 24. Kb2 Bf5 25. Nc5 Bc8 26. Be4 Nf4 27. Nxb7 g6 28. Nc5 Ng2 29. Re2 Nh4 30. Re3 Nf5 31. Ree1 Nh4 32. Bc6 Rxe1 33. Rxe1 Nxf3 34. Bxf3 Rxf3 35. Re8+ Kg7 36. Rxc8 Rh3 37. Rxc7+ Kg8 38. Rxa7 Rxh2 39. b4 g5 40. b5 g4 41. Ne4 Rh6 42. Ng3 Rb6 43. a4 Rf6 44. a5 Rf3 45. Nh5 Rf5 46. Ng3 Rxb5+ 47. Kc3 h5 48. Kc4 Re5 49. Kd4 Rg5 50. Ke3 h4 51. Ne2 g3 52. Kf3 h3 53. Nxg3 h2 54. Kg2 Rxg3+ 55. Kxh2 Rc3 56. a6 Rxc2+ 57. Kg3 Ra2 58. Kf4 Kf8 59. Ra8+ Ke7 60. a7 Ra4+ 61. Ke3 Ra3+ 62. Kd4 Ra4+ 63. Kc3 Ra3+ 64. Kb2 Ra6 65. Rh8 Rxa7 66. Rh7+ 1-0